LEADER 01479nam 2200373 n 450 001 996387679803316 005 20200824121439.0 035 $a(CKB)1000000000627253 035 $a(EEBO)2240876652 035 $a(UnM)99838750e 035 $a(UnM)99838750 035 $a(EXLCZ)991000000000627253 100 $a19901114d1630 uy | 101 0 $aeng 135 $aurbn||||a|bb| 200 02$aA defiance to death$b[electronic resource] $eBeing the funebrious commemoration of the Right Honourable, Baptist Lord Hickes, Viscount Camden, late deceased. Preached at Camden in Gloucester-shire, Nouember 8. 1629. By Iohn Gaule 210 $aLondon $cPrinted by Thomas Harper, for Robert Allot, and are to be sold at his shop in Pauls Church-yard at the signe of the Blacke Beare$d1630 215 $a[8], 46, [22] p 300 $aPartly in verse. 300 $aReproduction of the original in the British Library. 300 $aCf. Folger catalogue, which gives signatures: A-C¹² *² . 300 $aUsually found bound with his: Practique theories: or, votive speculations upon Abrahams entertainment of the three angels. 330 $aeebo-0018 606 $aFuneral sermons 615 0$aFuneral sermons. 700 $aGaule$b John$f1604?-1687.$01005234 801 0$bCu-RivES 801 1$bCu-RivES 801 2$bCStRLIN 801 2$bWaOLN 906 $aBOOK 912 $a996387679803316 996 $aA defiance to death$92373483 997 $aUNISA LEADER 01150nam a22002773i 4500 001 991000541949707536 005 20021016084755.0 008 021016s1988 it |||||||||||||||||ita 035 $ab12020102-39ule_inst 035 $aARCHE-010990$9ExL 040 $aDip.to Filologia Ling. e Lett.$bita$cA.t.i. Arché s.c.r.l. Pandora Sicilia s.r.l. 082 04$a458.1 100 1 $aSatta, Luciano$0263173 245 10$aScrivendo & parlando :$busi e abusi della lingua italiana /$cLuciano Satta 260 $aFirenze :$bSansoni,$c1988 300 $a295 p. ;$c19 cm 490 0$aUniversale Sansoni.$pGuide e dizionari 650 4$aLingua italiana$xLessico 650 4$aLingua italiana$xOsservazioni linguistiche 907 $a.b12020102$b28-04-17$c01-04-03 912 $a991000541949707536 945 $aLE008 L.L.I.S M VII 39$g1$i2008000290016$lle008$o-$pE0.00$q-$rn$so $t0$u0$v0$w0$x0$y.i12308584$z01-04-03 945 $aLE008 FL.M. (f.r.) XL 254$g2$i2008000518110$lle008$o-$pE0.00$q-$rn$so $t0$u0$v0$w0$x0$y.i12308596$z01-04-03 996 $aScrivendo & parlando$9132770 997 $aUNISALENTO 998 $ale008$b01-04-03$cm$da $e-$fita$git $h0$i2 LEADER 01004nam0-22003611i-450 001 990000700540403321 005 20250722123302.0 035 $a000070054 035 $aFED01000070054 035 $a(Aleph)000070054FED01 035 $a000070054 100 $a20020821d1984----km-y0itay50------ba 101 0 $aita 102 $aIT 105 $aa-------001yy 200 1 $a<>Partenone$fGerardo Mazziotti$gprefazione di Roberto di Stefano 210 $aNapoli$cEdizioni Scientifiche Italiane$d1984 215 $a125 p.$cill.$d22x24 cm 610 0 $aAtene$aPartenone 676 $a722.8 700 1$aMazziotti,$bGerardo$08583 702 1$aDi Stefano,$bRoberto$f<1926-2005> 801 0$aIT$bUNINA$gRICA$2UNIMARC 901 $aBK 912 $a990000700540403321 952 $aARCH B 931$b1093/172$fFARBC 952 $aCAN 93$bs.i.$fDINST 952 $aDE FUSCO 731$bRDF 765$fDARST 959 $aDARST 959 $aFARBC 959 $aDINST 996 $aPartenone$9236339 997 $aUNINA